Normal view
MARC view
Entry Personal Name
001 - CONTROL NUMBER
- control field: 5843
003 - CONTROL NUMBER IDENTIFIER
- control field: BD-RjUL
005 - DATE AND TIME OF LATEST TRANSACTION
- control field: 20221114192327.0
008 - FIXED-LENGTH DATA ELEMENTS
- fixed length control field: 221114|| aca||aabn | a|a d
040 ## - CATALOGING SOURCE
- Original cataloging agency: BD-RjUL
- Transcribing agency: BD-RjUL
100 ## - HEADING--PERSONAL NAME
- Personal name: Hostettmann, Kurt, Supervisor
670 ## - SOURCE DATA FOUND
- Source citation: Work cat.: (BD-RjUL)80775: Islam, Md. Nurul, Studies on the effect of extractions of different parts of amoora SP. on the red flour Beetle, tribolium castaneum (HBST.) /, 1996